| 000 | 01219 a2200241 4500 | ||
|---|---|---|---|
| 001 | 53337 | ||
| 005 | 20260407155807.0 | ||
| 008 | 260407a2020 arg spa d | ||
| 003 | AR-UNSa-BCEJYS | ||
| 040 |
_aAR-UNSa-BCEJYS _bspa _cAR-UNSa-BCEJYS |
||
| 080 |
_a336.2 _xIngresos públicos (Derecho tributario) |
||
| 245 | 1 | 0 | _aManual de derecho tributario |
| 020 | _a978-950-20-2967-2 | ||
| 250 | _a5a. ed. | ||
| 264 | 1 |
_aBuenos Aires : _bAbeledo Perrot _c2020 |
|
| 300 |
_alx, 1084 p. _c24 cm. |
||
| 505 | _a1. Nociones preliminares - 2. Impuestos - 3. Tasas y contribuciones especiales - 4. Derecho tributario en general.derecho tributario internacional y derecho comunitario - 5. Interpretación y eficacia de las normas tributarias - 6. Derecho tributario constitucional - 7. Derecho tribuatrio material o sustantivo - 8. Derecho tribuatario formal o administrativo - 9. Derecho tributario procesal - 10. Derecho tributario penal - 11. Noción de algunos impuestos en especial | ||
| 041 | _aspa | ||
| 942 | _cBK | ||
| 590 | _aniveau_biblio:m niveau_hierar:0 | ||
| 100 | 1 | _aGarcía Vizcaíno, Catalina | |
| 856 | 4 | 1 |
_uhttps://www.biblioeco.unsa.edu.ar/pmb/images/libros/L128418.jpg _yImagen de portada _qimage/jpeg |
| 999 |
_c5193 _d5193 |
||